Этапы формирования отложений молодых впадин Яно-Колымского пояса россыпной золотоносности; Перспективы золотоносности мезо-кайнозойских толщ вулканогенных образований в районах Северо-Востока СССР

Dettagli Bibliografici
Autore principale: Шило Н. А.
Ente Autore: Всесоюзный научно-исследовательский институт золота и редких металлов
Lingua:russo
Pubblicazione: Магадан, Изд-во ВНИИ-1, 1957
Copublished:Ф. Р. Апельцин. Перспективы золотоносности мезо-кайнозойских толщ вулканогенных образований в районах Северо-Востока СССР
Serie:Труды ВНИИ-1 (Всесоюзного научно-исследовательского института золота и редких металлов)
Раздел 2. Геология Вып. 25
Soggetti:
Natura: MixedMaterials Libro
KOHA link:https://koha.lib.tpu.ru/cgi-bin/koha/opac-detail.pl?biblionumber=364723

MARC

LEADER 00000nam0a2200000 4500
001 364723
005 20231102011721.0
035 |a (RuTPU)RU\TPU\retro\22081 
035 |a RU\TPU\retro\22072 
090 |a 364723 
100 |a 20211125d1957 k y0rusy50 ca 
101 0 |a rus 
102 |a RU 
105 |a a z 001zy 
200 1 |a Этапы формирования отложений молодых впадин Яно-Колымского пояса россыпной золотоносности  |f Н. А. Шило  |g Всесоюзный научно-исследовательский институт золота и редких металлов 
210 |a Магадан  |c Изд-во ВНИИ-1  |d 1957 
215 |a 20 с.  |c ил. 
225 1 |a Труды ВНИИ-1 (Всесоюзного научно-исследовательского института золота и редких металлов) 
225 1 |a Раздел 2. Геология  |v Вып. 25 
320 |a Библиогр. в конце ст. 
423 |t Перспективы золотоносности мезо-кайнозойских толщ вулканогенных образований в районах Северо-Востока СССР  |f Ф. Р. Апельцин  |a Апельцин, Ф. Р. 
606 1 |a Геология  |2 stltpush  |3 (RuTPU)RU\TPU\subj\6095  |9 34054 
610 1 |a отложения 
610 1 |a золотоносные россыпи 
610 1 |a Северо-Восток СССР 
610 1 |a формирование 
610 1 |a мезозойская складчатость 
610 1 |a золотоносность 
610 1 |a перспективы 
610 1 |a вулканогенные образования 
610 1 |a Охотско-Чукотский вулканический пояс 
675 |a 55  |v 4 
700 1 |a Шило  |b Н. А. 
712 0 2 |a Всесоюзный научно-исследовательский институт золота и редких металлов  |c (Магадан)  |c (1960-1994)  |2 stltpush  |3 (RuTPU)RU\TPU\col\7605  |9 24351 
801 1 |a RU  |b 63413507  |c 20211018 
801 2 |a RU  |b 63413507  |c 20211125  |g RCR 
942 |c BK